[Event "Budapest Spring Festival 2018"]
[Site "Budapest"]
[Date "2018.04.20"]
[Round "3"]
[White "Milanovic, Danilo"]
[Black "Horvath, Dominik"]
[Result "0-1"]
[WhiteElo "2488"]
[BlackElo "2383"]
[Annotator "TA"]
[PlyCount "58"]
[EventDate "2018.??.??"]
[EventType "swiss"]
[EventCountry "HUN"]
[SourceTitle "playchess.com"]
[Source "ChessBase"]
[SourceQuality "1"]

{[%evp 16,58,0,1,5,11,10,13,18,6,8,13,16,0,0,0,8,7,28,25,53,44,45,0,0,-88,-47,-107,-104,-106,-97,-146,-175,-157,-195,-258,-251,-262,-245,-330,-289,-275,-257,-907,-883]} 1. d4 Nf6 2. Bf4 d5 3. e3 c5 4. c3 Nc6 5. Nd2 Bf5 6. Qb3 {D00: 1 d4 d5: Unusual lines} (6. Ngf3 e6 7. Be2 Bd6 8. dxc5 Bxc5 9. Nd4 Bg6 10. Qa4 O-O 11. Nxc6 bxc6 12. Qxc6 Rc8 13. Qa4 Re8 14. O-O e5 {0-1 (57) Le,Q (2737)-Ding,L (2777) Riadh 2017}) 6... Qc8 7. Ngf3 c4 8. Qd1 b5 9. Be2 {LiveBook: 4 Games} e6 10. Nh4 Be4 11. f3 $146 ({Predecessor:} 11. Nhf3 h6 12. Nxe4 Nxe4 13. Nd2 Nxd2 14. Qxd2 Be7 15. e4 {½-½ (15) Ider,B (2505)-Fridman,D (2637) Karlsruhe 2018}) 11... Bg6 12. g4 Be7 13. Bg3 Qd8 {next ...Nxg4! is good for Black.} 14. Nxg6 hxg6 15. f4 Kf8 16. Bf3 Qb6 17. O-O Rd8 18. b3 Ne8 19. a4 {Black must now prevent axb5.} b4 20. cxb4 (20. bxc4 $11 bxc3 21. c5) 20... c3 $36 {[%mdl 2048] White is under pressure.} ({Reject} 20... Bxb4 $6 21. bxc4 Nxd4 22. exd4 $14) 21. Nb1 {[#]} ({Better is} 21. a5 $15 Qc7 22. Nb1) 21... c2 $1 {[%cal Rc2d1]} ({And not} 21... Qxb4 22. Be1 $11) 22. Qxc2 Nxd4 $1 23. exd4 Qxd4+ 24. Bf2 Qxa1 25. b5 (25. Qd2 $142 Qf6 26. Bxa7) 25... Qf6 $19 26. Bxa7 Qxf4 27. Bxd5 Qe5 28. Bc6 Bd6 29. h4 $2 {[#]} (29. Qf2 Qxh2+ 30. Qxh2 Rxh2 31. Na3) 29... Rxh4 {Precision: White = 47%, Black = 68%.} 0-1

[Event "Budapest Spring Festival 2018"]
[Site "Budapest"]
[Date "2018.04.20"]
[Round "3"]
[White "Kobo, Ori"]
[Black "Popovics, Adam"]
[Result "1-0"]
[WhiteElo "2484"]
[BlackElo "2380"]
[Annotator "TA"]
[PlyCount "91"]
[EventDate "2018.??.??"]
[EventType "swiss"]
[EventCountry "HUN"]
[SourceTitle "playchess.com"]
[Source "ChessBase"]
[SourceQuality "1"]

{[%evp 18,91,77,64,60,35,25,10,35,0,8,12,51,37,27,35,72,66,41,72,68,60,100,24,10,20,29,19,45,34,64,25,22,19,25,25,37,18,35,13,13,17,39,11,25,0,34,-2,0,-11,48,0,50,0,18,27,82,85,167,141,153,137,381,136,605,598,587,604,602,579,597,583,556,364,364,364]} 1. Nf3 Nf6 2. c4 c5 3. d4 cxd4 4. Nxd4 e5 5. Nb5 d5 6. cxd5 Bc5 7. N5c3 O-O 8. g3 Ng4 9. e3 {A31: Symmetrical English: 2 Nf3 Nf6 3 d4} f5 10. Be2 {LiveBook: 17 Games} Nd7 11. a3 {White is slightly better.} Ndf6 12. b4 Bb6 13. h3 Nh6 14. Na4 $146 ({Predecessor:} 14. Qb3 Kh8 15. Ra2 Bd7 16. Nd2 f4 17. exf4 exf4 {0-1 (30) Kobo,O (2500)-Paravyan,D (2613) Batumi 2018}) 14... Bc7 15. Nc5 a5 16. Bb2 Kh8 17. Nc3 axb4 18. axb4 Rxa1 19. Bxa1 f4 20. e4 (20. g4 $1 $16) 20... fxg3 $11 21. fxg3 Bd6 22. Bb2 Qe7 23. Qb3 Ne8 24. Nb5 b6 25. Nd3 Ba6 26. Nxd6 Nxd6 27. b5 Bxb5 28. Ba3 Bxd3 $1 29. Qxd3 Qd7 30. Rf1 Ra8 31. Bb2 Re8 32. g4 {[%cal Bg3g4,Bg4g5][%mdl 32]} Qa4 33. g5 Ng8 (33... Nhf7 $11) 34. Bf3 Nc4 35. Bc1 (35. Bd1 $5 {[%cal Rd1a4]} Qa2 36. Bc1 $14 (36. Bc3 b5 $14)) 35... Qb4+ 36. Kf2 Ne7 (36... Rd8 $11) 37. d6 $1 $36 {[%cal Rd6e7,Bd5d6,Bd6d7][%mdl 2080] Black is under strong pressure.} Nc6 (37... Ng6 $16) 38. d7 $18 Rd8 39. Bg4 Nd4 $2 {[#]} (39... Ne7 $16 40. Kg3 b5) 40. Kg2 $2 (40. g6 $1 $18 {[%mdl 512]}) 40... b5 $2 {[%mdl 8192] [#]} (40... Nb3 $16 41. Qb1 Qc3) 41. g6 $1 {[%mdl 512] Threatens to win with Qg3.} Qe7 (41... hxg6 42. Bg5) 42. Rf7 Qh4 43. Qg3 Qxg3+ 44. Kxg3 Nd6 45. Ba3 Nxe4+ 46. Kg2 {Precision: White = 52%, Black = 31%.} 1-0

[Event "Budapest Spring Festival 2018"]
[Site "Budapest"]
[Date "2018.04.20"]
[Round "3"]
[White "Nagy, Gabor"]
[Black "Sai Agni Jeevitesh, J."]
[Result "1-0"]
[WhiteElo "2481"]
[BlackElo "2373"]
[Annotator "TA"]
[PlyCount "51"]
[EventDate "2018.??.??"]
[EventType "swiss"]
[EventCountry "HUN"]
[SourceTitle "playchess.com"]
[Source "ChessBase"]
[SourceQuality "1"]

{[%evp 27,51,32,27,35,31,45,13,9,131,104,121,181,267,267,267,275,275,269,270,269,277,275,267,259,253,249]} 1. Nf3 d5 2. c4 e6 3. d4 Nf6 4. Nc3 Be7 5. Bf4 O-O 6. e3 c5 7. dxc5 Bxc5 8. Qc2 Nc6 9. Rd1 Qa5 10. a3 Re8 {D37: Queen's Gambit Declined: 5 Bf4} 11. Nd2 e5 12. Bg5 Nd4 13. Qb1 Bf5 14. Bd3 Bxd3 $1 {LiveBook: 16 Games} 15. Qxd3 {aiming for Bxf6.} Ne4 $1 {[%cal Re4g5]} (15... e4 $2 16. Qb1 $18) 16. Ncxe4 (16. Nxd5 Nxg5 17. exd4 Bxd4 18. b4 {½-½ (33) Mamedyarov,S (2809)-Nakamura,H (2787) Moscow 2018}) 16... dxe4 17. Qxe4 {Strongly threatening b4.} f6 (17... Qb6 $11) 18. O-O ({Much weaker is} 18. Qxb7 $6 fxg5 19. O-O (19. exd4 exd4+ 20. Kf1 Bb6 $11) 19... Ne6 $14) 18... Ne2+ $146 (18... fxg5 $16 19. exd4 Bxd4) 19. Kh1 $18 Rad8 {[#]} (19... Qb6 $142) 20. Nb3 $1 {[%cal Rb3a5] White has a decisive advantage.} Qb6 21. Nxc5 Qxc5 {[#]} 22. Bxf6 $1 {[%mdl 512]} gxf6 23. Qg4+ Kh8 24. Qxe2 Qc6 25. b3 Rg8 {[%csl Gg8][%cal Rc6g2]} 26. e4 1-0

[Event "Budapest Spring Festival 2018"]
[Site "Budapest"]
[Date "2018.04.20"]
[Round "3"]
[White "Krzyzanowski, Marcin"]
[Black "Dankhazi, Andras"]
[Result "1-0"]
[WhiteElo "2472"]
[BlackElo "2300"]
[Annotator "TA"]
[PlyCount "107"]
[EventDate "2018.??.??"]
[EventType "swiss"]
[EventCountry "HUN"]
[SourceTitle "playchess.com"]
[Source "ChessBase"]
[SourceQuality "1"]

{[%evp 16,107,16,15,32,27,26,8,9,18,17,-24,-25,-28,-14,-33,-16,-34,0,-52,96,97,96,91,92,93,92,95,103,95,94,91,108,108,126,102,103,102,103,103,103,103,137,137,129,103,151,126,116,103,189,189,189,148,142,149,186,187,187,179,179,179,179,160,179,167,152,131,132,130,206,102,131,103,131,137,168,156,416,277,277,277,277,232,211,225,469,462,462,468,556,554,535,547]} 1. d4 Nf6 2. c4 e6 3. Nf3 d5 4. Nc3 Be7 5. Bf4 O-O 6. Rc1 {D37: Queen's Gambit Declined: 5 Bf4} (6. e3 Nbd7 7. a3 c5 8. cxd5 Nxd5 9. Nxd5 exd5 10. dxc5 Nxc5 11. Be5 Bf5 12. Be2 Bf6 13. O-O Be4 14. Rc1 Ne6 {0-1 (38) Mamedyarov,S (2799)-Carlsen,M (2837) Riadh 2017}) 6... dxc4 7. e3 Nd5 8. Bxc4 Nxf4 9. exf4 {LiveBook: 6 Games} c5 10. d5 $146 ({Predecessor:} 10. dxc5 Bxc5 11. O-O Nc6 12. Ne4 Bb6 13. Qxd8 Rxd8 14. Rfd1 Rxd1+ 15. Rxd1 Kf8 16. a3 Ke7 17. Bb5 f6 18. Nd6 Bc7 19. Nxc8+ Rxc8 20. g3 Bb6 {½-½ (20) Bluebaum,M (2525)-Lampert,J (2367) Deizisau 2014}) 10... exd5 11. Nxd5 Nc6 12. O-O Bf6 13. Bd3 b6 14. b3 Bb7 15. Be4 Rb8 16. Qd3 h6 17. Rfd1 (17. Rfe1 $11) 17... Nd4 (17... Re8 $15 {keeps the upper hand.}) 18. Nxf6+ $16 Qxf6 19. Nxd4 Bxe4 20. Qxe4 {[#] And now Nf3 would win.} Rfe8 21. Qf5 cxd4 22. Qxf6 gxf6 23. Rxd4 {[%mdl 4096] Endgame KRR-KRR} Re2 24. a4 Rbe8 {[#] ( -> ...Re1+)} 25. h3 Rb2 26. Rd3 f5 27. Rf3 Re4 28. Rc6 Re6 29. Rc7 a5 30. Rb7 Kf8 31. Kh2 Rg6 32. Rd7 Ke8 (32... Kg7 $16 33. Rd5 Rf6) 33. Rd5 $18 Rf6 34. Re3+ Kf8 35. Kg3 Rg6+ 36. Kf3 Rf6 37. Rb5 Kg7 38. Re2 Rb1 39. Rd2 Kg6 40. Rd8 Rc6 41. Rd3 Rb2 42. Kg3 Re6 (42... Kf6 $16 43. Rdd5 Kg7) 43. h4 (43. Rd7 $18 {and White stays clearly on top.}) 43... Rc6 44. Rbd5 {aiming for Rd6+.} Re6 45. h5+ Kf6 46. Rc3 Ra2 $2 (46... Ree2 $16) 47. Rd7 Kg7 48. Rcc7 Rf6 49. Rd5 Rb2 50. Rb5 Kg8 $2 (50... Rd6 {was called for.} 51. Rb7 (51. Rxf5 Rxb3+ 52. f3 Rf6 $16) 51... Kf8 52. R7xb6 Rd3+ 53. Kh2 Rxf2 54. Rxf5 Rdd2) 51. Rb7 {White is clearly winning.} Rd6 52. Rxf5 Rd3+ 53. Kh2 Rxf2 54. Rbxf7 {Precision: White = 64%, Black = 47%.} 1-0

[Event "Budapest Spring Festival 2018"]
[Site "Budapest"]
[Date "2018.04.20"]
[Round "3"]
[White "Livaic, Leon"]
[Black "Toma, Katarzyna"]
[Result "1-0"]
[WhiteElo "2468"]
[BlackElo "2293"]
[Annotator "TA"]
[PlyCount "119"]
[EventDate "2018.??.??"]
[EventType "swiss"]
[EventCountry "HUN"]
[SourceTitle "playchess.com"]
[Source "ChessBase"]
[SourceQuality "1"]

{[%evp 16,119,0,-8,-2,-6,4,4,11,-2,-8,-13,0,0,0,0,9,5,5,0,0,0,0,0,0,0,0,0,0,0,12,10,9,10,70,0,0,0,0,0,0,-38,-38,-53,-43,-59,-50,-165,-152,-141,-140,-264,-247,-254,-254,-223,0,0,0,0,0,0,0,0,0,0,0,0,0,0,8,8,8,8,8,8,8,8,8,8,8,8,8,8,8,8,8,8,8,8,8,8,8,8,29954,29954,29951,29947,29955,29955,29966,29964,12792,7026,8989,8183]} 1. d4 Nf6 2. c4 g6 3. Nc3 d5 4. Nf3 Bg7 5. Bg5 Ne4 6. cxd5 Nxg5 7. Nxg5 c6 8. Nf3 cxd5 9. e3 {LiveBook: 22 Games. D91: Grünfeld: 4 Nf3 Bg7 5 Bg5} Nc6 (9... O-O 10. Be2 Nc6 11. O-O e6 {½-½ (11) Stojanovic,M (2557)-Drazic,S (2535) Vrnjacka Banja 2010}) 10. Bb5 O-O 11. O-O {The position is equal.} Qd6 $146 ({Predecessor:} 11... Be6 12. Rc1 Na5 13. b3 a6 14. Bd3 b5 15. Qd2 Nb7 16. Rc2 Rc8 17. Rfc1 h6 18. h3 Qb6 19. Ne2 Rxc2 20. Rxc2 Rc8 21. Nf4 Qd6 {½-½ (21) Kostic,J (2415)-Petrovic,Z (2270) Kladovo 1994}) 12. Qb3 Rd8 13. h3 Bf5 14. Rfc1 Rac8 15. Bxc6 Qxc6 16. Ne2 Qa6 17. Nf4 e6 18. Rc3 Rc6 19. Rac1 Rdc8 20. a3 Rxc3 21. Rxc3 Rxc3 22. Qxc3 {Threatens to win with Qc8+.} Qc6 23. Qxc6 bxc6 $11 {[%mdl 4096] Endgame KBB-KNN} 24. b4 f6 (24... Kf8 $11) 25. g4 (25. Nh4 $14) 25... Be4 26. Nd2 Kf7 $1 27. Nxe4 dxe4 {KB-KN} 28. Ne2 f5 29. Nc3 Ke7 30. gxf5 gxf5 31. b5 ({White should try} 31. Kg2 $15) 31... Kd6 32. bxc6 Kxc6 33. Kf1 (33. a4 $17) 33... e5 $19 34. d5+ {[#]} Kc5 $1 35. d6 a6 $2 ({Don't play} 35... Kxd6 36. Nb5+ Kd5 37. Nxa7 $17) (35... Kc6 $19 36. f3 exf3) 36. d7 $11 Bf6 37. Ne2 $1 Kd6 38. Ng3 Kxd7 39. Nxf5 Ke6 40. Ng3 Be7 41. a4 $1 Kd5 42. Ke2 Kc4 43. Nxe4 Kb4 44. Kd3 Kxa4 45. Kc4 Ka3 46. f4 exf4 47. exf4 {f5 is the strong threat.} Kb2 48. f5 {[%cal Bf4f5,Bf5f6,Bf6f7][%mdl 32] Hoping for f6.} a5 49. Kb5 Kb3 50. Kxa5 {Black must now prevent f6.} Kc4 51. f6 Bf8 52. Ng5 h5 53. Kb6 Kd5 54. Kc7 {And now f7 would win.} Bh6 $2 {[%mdl 8192] [#]} (54... Ke5 $11) 55. f7 Ke5 56. Kd7 (56. Nh7 Ke6 $16) 56... Bf8 57. Ke8 Bb4 58. Nf3+ Ke4 59. Nh4 Ke5 60. Ng6+ {Precision: White = 63%, Black = 64%.} 1-0

[Event "Budapest Spring Festival 2018"]
[Site "Budapest"]
[Date "2018.04.20"]
[Round "3"]
[White "Henderson de La Fuente, Lance"]
[Black "Marszalek, Maciej"]
[Result "1-0"]
[WhiteElo "2459"]
[BlackElo "2289"]
[Annotator "TA"]
[PlyCount "147"]
[EventDate "2018.??.??"]
[EventType "swiss"]
[EventCountry "HUN"]
[SourceTitle "playchess.com"]
[Source "ChessBase"]
[SourceQuality "1"]

{[%evp 22,147,70,75,135,120,110,104,108,92,166,155,154,153,200,200,195,154,199,174,195,200,186,163,201,167,168,157,149,154,177,158,144,46,52,37,38,39,69,56,87,0,49,39,84,87,100,100,100,93,88,9,104,0,0,0,0,0,0,0,0,0,0,0,12,0,0,0,0,0,17,16,23,16,19,9,9,0,31,0,0,0,12,0,0,0,8,0,0,0,0,0,0,0,0,0,0,0,0,-188,8,8,8,8,29977,29977,29978,29979,29979,29980,29983,29984,29984,29985,29985,29986,29986,29987,29987,29988,29988,29989,29991,29990,29990,29990,29991,29992]} 1. d4 Nf6 2. c4 c5 3. d5 e6 4. Nc3 exd5 5. cxd5 d6 6. Nf3 g6 7. Bf4 Bg7 8. Qa4+ Bd7 9. Qb3 Qc7 10. h3 {A61: Modern Benoni: Nf3 without early e4} (10. e4 O-O 11. Nd2 Nh5 12. Be3 f5 13. exf5 Bxf5 14. h3 Nf6 15. g4 Bd7 16. Bg2 Na6 17. O-O Rab8 18. Rfe1 b5 19. Nce4 Ne8 20. a3 {½-½ (49) Riazantsev,A (2666)-Donchenko,A (2559) Douglas 2017}) 10... O-O 11. e3 a6 12. a4 {LiveBook: 14 Games. White is slightly better.} Qa5 $146 (12... Bc8 $142) ({Predecessor:} 12... Bf5 13. Nd2 Re8 14. Nc4 Bf8 15. Qb6 Qxb6 16. Nxb6 Ra7 17. Nc4 Ne4 18. Nxe4 Bxe4 19. Nxd6 Bxd6 20. Bxd6 {½-½ (55) Koneru,H (2557)-Saduakassova,D (2428) Doha 2016}) 13. Nd2 (13. Qxb7 {[#]} Nxd5 $1 {[%mdl 512]} 14. Qxd5 Bxc3+ 15. Ke2 Bxb2 $19) 13... b5 14. Bxd6 Rc8 15. Be2 b4 (15... Ne8 $16) 16. Nce4 $18 Nxe4 17. Nxe4 Bf5 18. Nd2 Qd8 19. Bg3 {And now e4 would win.} Qf6 20. Ra2 Re8 21. O-O Nd7 22. Nc4 Bf8 23. f3 Nb6 24. Nxb6 Qxb6 25. Bc4 Bd6 26. Bxd6 Qxd6 27. f4 ({White should play} 27. e4 $16 Bxh3 28. Qe3 (28. gxh3 {leads to mate.} Qg3+ 29. Kh1 Qxh3+ 30. Kg1 Qg3+ 31. Kh1 Re5 32. Qc2 Rh5+ 33. Qh2 Rxh2#)) 27... Re4 $14 28. Rf3 Rae8 29. Ra1 Bd7 30. Qd3 Qf6 31. Qb3 ({Much worse is} 31. Bxa6 Qxb2 32. Raf1 Bxa4 $15) (31. Qe2 {is more complex.} Qd6 32. b3 Bc8 33. Re1 Bb7 34. Qd2) 31... Qd6 32. Re1 f5 33. Qc2 h5 34. b3 Kg7 35. Bd3 R4e7 36. Qc4 (36. Qb2+ $16 Kh7 37. Bc4) 36... a5 (36... Bc8 $1 $11 {keeps the balance.}) 37. e4 (37. Rc1 $16) 37... fxe4 $11 38. Rxe4 Rxe4 39. Bxe4 Rf8 $1 40. Bd3 Bf5 41. Bf1 Re8 42. Qb5 Re7 (42... Rf8 {feels hotter.} 43. Re3 Bd7 44. Qc4 Rxf4 45. Qc1 Qxd5 46. Re7+ Rf7) 43. Qc6 (43. Bc4 {keeps more tension.} Re1+ 44. Kh2 Be4 45. Qe8 Bxf3 46. Qxe1 Qxf4+ 47. Kh1) 43... Qxc6 44. dxc6 {[%mdl 4096] Endgame KRB-KRB} Rc7 45. Bb5 Be4 46. Re3 Bxc6 47. Bc4 Kf8 48. Re6 Be8 $1 49. Kf2 h4 (49... Bf7 $5 {[%cal Rf7e6]} 50. Re4 Re7 51. Rxe7 Kxe7 52. Bxf7 Kxf7 $19) 50. Kf3 Bf7 51. Re4 Rd7 52. f5 Bxc4 53. Rxc4 {KR-KR} Rd3+ 54. Kf2 Rc3 55. Rxc3 bxc3 {KP-KP} 56. Ke3 gxf5 {...Ke7 is the strong threat.} (56... c2 $5 57. Kd2 $8 gxf5 $11) 57. Kd3 Ke7 58. Kxc3 {Strongly threatening Kc4.} Kd6 {aiming for ...Kd5.} 59. Kd3 Kd5 {White must now prevent ...f4.} 60. Ke3 $2 (60. Kc3 $1 $11) 60... c4 $2 (60... Ke5 $19 {Threatens to win with ...Kd5.} 61. Kd3 Kf4) 61. bxc4+ Kxc4 {K3P-K3P} 62. Kf3 f4 $2 {[%mdl 8192] [#]} (62... Kd3 $11 63. Kf4 Kc4) 63. Kxf4 {K3P-KPP. White mates.} Kb4 64. g4 hxg3 65. Kxg3 Kxa4 {KP-KP} 66. h4 Kb3 67. h5 a4 68. h6 a3 69. h7 Kb2 70. h8=Q+ Kb1 71. Qb8+ Ka1 72. Qe5+ Kb1 73. Qb5+ Ka1 74. Qc4 {Precision: White = 55%, Black = 47%.} 1-0

[Event "Budapest Spring Festival 2018"]
[Site "Budapest"]
[Date "2018.04.20"]
[Round "3"]
[White "Grinberg, Eyal"]
[Black "Bernadskiy, Vitaliy"]
[Result "1-0"]
[WhiteElo "2452"]
[BlackElo "2584"]
[Annotator "TA"]
[PlyCount "57"]
[EventDate "2018.??.??"]
[EventType "swiss"]
[EventCountry "HUN"]
[SourceTitle "playchess.com"]
[Source "ChessBase"]
[SourceQuality "1"]

{[%evp 16,57,50,47,49,0,45,68,68,66,59,43,160,155,202,166,177,173,326,214,366,274,372,379,400,385,736,747,740,729,1962,751,720,730,896,568,560,562,560,552,337,653,640,621]} 1. e4 c5 2. Nf3 d6 3. d4 cxd4 4. Nxd4 Nf6 5. Nc3 Nbd7 6. Be3 a6 7. g4 h6 8. f3 {[%cal Bf2f3,Bf3f4][%mdl 32]} e6 9. h4 {[%cal Bh2h4,Bh4g5][%mdl 32] LiveBook: 25 Games} Ne5 {B80: Sicilian Scheveningen: 6 g3 and 6 Be3, including English Attack} (9... b5 10. a3 Bb7 11. Rg1 g6 12. g5 hxg5 13. hxg5 Ng8 14. Qd2 Ne7 15. O-O-O Bg7 16. f4 Rc8 17. Ndxb5 axb5 18. Nxb5 {1-0 (32) Inarkiev,E (2730)-Can,E (2571) Izmir 2016}) 10. Rg1 b5 11. g5 hxg5 {White is slightly better.} 12. hxg5 Nfd7 13. f4 $146 ({Predecessor:} 13. g6 Nxg6 14. Rxg6 fxg6 15. Nxe6 Qh4+ 16. Bf2 {1-0 (36) Fandler,S (1991)-Platzgummer,F (2061) Saalfelden 2005}) 13... Nc4 ({Black should play} 13... b4 $1 $14 14. Na4 (14. fxe5 bxc3 15. exd6 Ne5 $15) 14... Ng6) 14. Bxc4 $1 $16 bxc4 15. Qe2 Nc5 16. O-O-O $36 {[%mdl 2048] White has strong initiative.} ({Don't take} 16. Qxc4 $6 Rh3 $16) 16... Bb7 $2 (16... Qb6) 17. e5 (17. Qxc4 Rh3 $16) 17... Rh3 $2 {[#]} (17... d5 18. g6 Qd7 19. gxf7+ Qxf7) 18. Nf5 $1 {[%mdl 512]} Qb6 (18... exf5 19. Bxc5) 19. exd6 Rb8 {...Bf3 is the strong threat.} 20. Qxc4 Bf3 $2 (20... Rxe3 21. Nxe3 Bf3) 21. Na4 $18 Qb5 22. Qxc5 Bxd1 23. Rxd1 (23. Qc7 $142 exf5 24. Bb6 Bxd6 25. Qxd6 Rxb6 26. Re1+ (26. Qxb6 Qxb6 27. Nxb6 Bf3 $14) 26... Be2 27. Nxb6) 23... Qxc5 24. Bxc5 ({Weaker is} 24. Nxc5 exf5 25. Bf2 (25. Nxa6 Rd8 $16) 25... Rb6 $18) 24... Rd8 25. d7+ Rxd7 26. Rxd7 Kxd7 27. Bxf8 Rh1+ 28. Kd2 Rh2+ 29. Kd3 {Precision: White = 53%, Black = 28%.} 1-0

[Event "Budapest Spring Festival 2018"]
[Site "Budapest"]
[Date "2018.04.20"]
[Round "3"]
[White "Abdumalik, Zhansaya"]
[Black "Antal, Gergely"]
[Result "1-0"]
[WhiteElo "2443"]
[BlackElo "2534"]
[Annotator "TA"]
[PlyCount "73"]
[EventDate "2018.??.??"]
[EventType "swiss"]
[EventCountry "HUN"]
[SourceTitle "playchess.com"]
[Source "ChessBase"]
[SourceQuality "1"]

{[%evp 21,73,39,52,60,38,44,33,40,27,27,27,26,22,10,125,142,218,262,247,236,325,339,336,327,322,322,352,292,888,860,1010,502,511,493,731,502,464,470,726,683,657,535,537,545,514,506,664,594,795,807,800,794,777,744]} 1. e4 c5 2. Nf3 Nc6 3. d4 cxd4 4. Nxd4 e6 5. Nc3 Qc7 6. Be3 a6 7. Qf3 {B48: Sicilian: Taimanov: 5 Nc3 Qc7 6 Be3 a6 without Be2} Ne5 (7... Nf6 8. O-O-O Ne5 9. Qg3 b5 10. a3 Bb7 11. Bxb5 Rc8 12. Ba4 Nxe4 13. Nxe4 Bxe4 14. Bf4 Qc4 15. Bxe5 Qxa4 {1-0 (38) Vachier Lagrave,M (2789)-Anand,V (2776) Karlsruhe/Baden-Baden 2018}) 8. Qg3 h5 9. f4 h4 10. Qh3 Nc4 11. Bxc4 Qxc4 {LiveBook: 6 Games} 12. O-O-O b5 13. Kb1 Bb7 14. Rhe1 Rc8 {[#]} 15. Bc1 $146 Qc7 16. e5 Bc5 17. f5 {[%cal Rf5e6]} Bxd4 (17... Ne7 $1 $11 {remains equal.}) 18. Rxd4 $16 exf5 (18... Ne7 $16 {was worth a try.}) 19. Qxf5 $18 {[#] Hoping for Rf1.} Ne7 20. Qg4 {And now Bf4 would win.} Ng6 21. Rd6 O-O 22. Rxd7 Qc6 23. e6 {[%cal Be5e6,Be6e7][%mdl 32]} Qxg2 24. Qd4 Rc4 $2 {[#]} (24... Qf3 25. Re3 Qg2) 25. Qa7 {White is clearly winning.} Be4 26. Rd2 (26. Rxf7 $142 Bxc2+ 27. Ka1) 26... Qg4 27. e7 ({Less strong is} 27. Nxe4 Rxe4 28. exf7+ Kh7 $18) 27... Re8 (27... Bxc2+ $142 28. Rxc2 Re8 29. Qxa6 Rc7 30. Qxb5 Rexe7) 28. Rd8 Bxc2+ 29. Kxc2 Qf5+ (29... Rc8 $142 30. Qb6 f6) 30. Kb3 Rc8 31. Qd7 Qxd7 32. Rxd7 f6 33. Nd5 Kf7 34. Bf4 Rc5 {and the idea ...Rxd5 leaves Black hopeful.} 35. Nc7 Rxe7 36. Rexe7+ Nxe7 37. Bd6 {Precision: White = 83%, Black = 47%.} 1-0

[Event "Budapest Spring Festival 2018"]
[Site "Budapest"]
[Date "2018.04.20"]
[Round "3"]
[White "Tica, Sven"]
[Black "Kulaots, Kaido"]
[Result "0-1"]
[WhiteElo "2442"]
[BlackElo "2578"]
[Annotator "TA"]
[PlyCount "46"]
[EventDate "2018.??.??"]
[EventType "swiss"]
[EventCountry "HUN"]
[SourceTitle "playchess.com"]
[Source "ChessBase"]
[SourceQuality "1"]

{[%evp 14,46,38,15,56,0,8,14,33,-31,-24,-47,-51,-43,-43,-42,-47,-39,-33,-113,-108,-190,-186,-186,-186,-189,-182,-176,-176,-406,-406,-399,-401,-424,-411]} 1. d4 Nf6 2. c4 g6 3. Nc3 d5 4. Bf4 Bg7 5. e3 c5 6. dxc5 Qa5 7. Rc1 O-O 8. cxd5 {LiveBook: 49 Games. Black must now prevent Qd2. D83: Grünfeld: 4 Bf4 Bg7 5 e3 0-0} Nbd7 (8... Rd8 9. Bc4 e6 10. Nge2 Nxd5 11. Bd6 Nxc3 12. Nxc3 b5 13. Bd3 b4 14. Ne4 b3+ 15. Qd2 Qxd2+ 16. Kxd2 bxa2 {½-½ (37) Gelfand,B (2748)-Vachier Lagrave,M (2757) Tashkent 2014}) 9. Bc4 Nxc5 10. Nge2 {White wants to play 0-0.The position is equal.} Bd7 $146 {[%cal Bc8d7,Bd7a4,Ba4d1,Bd1b3,Bb3c4][%mdl 32]} ({Predecessor:} 10... Qb4 11. Bb3 Rd8 12. d6 Nxb3 13. Qxb3 Qxb3 14. axb3 exd6 15. O-O Nh5 {1-0 (63) Kayonde,A (2394)-Anwuli,D (2365) Pretoria 2016}) 11. a3 ({White should try} 11. d6 $14 exd6 12. Bxd6) 11... Ba4 $15 12. Bc7 Bxd1 13. Bxa5 Bb3 14. Bb4 Bxc4 15. Bxc5 Nxd5 16. Nd4 {[#]} ({White should play} 16. f3 $15) 16... b6 $1 $36 {[%cal Rb6c5][%mdl 2048] Black is on the roll.} 17. Nc6 (17. Nxd5 $17 Bxd5 18. Bb4) 17... Bxc3+ $1 $19 ({Stronger than} 17... bxc5 18. Nxd5 Bxd5 19. Nxe7+ Kh8 20. Nxd5 $11) 18. Rxc3 Nxc3 19. Nxe7+ Kg7 20. Bd4+ f6 21. bxc3 $2 {[#]} (21. Bxc3 {only move.} Rfe8 22. Nc6) 21... Kf7 22. Nc6 a5 ({Less strong is} 22... Bd5 23. Nb4 $19) 23. Bxb6 Rfb8 {Precision: White = 13%, Black = 87%.} 0-1

[Event "Budapest Spring Festival 2018"]
[Site "Budapest"]
[Date "2018.04.20"]
[Round "3"]
[White "Hauge, Lars Oskar"]
[Black "Donchenko, Alexander"]
[Result "1/2-1/2"]
[WhiteElo "2441"]
[BlackElo "2574"]
[Annotator "TA"]
[PlyCount "60"]
[EventDate "2018.??.??"]
[EventType "swiss"]
[EventCountry "HUN"]
[SourceTitle "playchess.com"]
[Source "ChessBase"]
[SourceQuality "1"]

{[%evp 12,60,31,16,20,21,18,22,30,31,23,0,0,-23,14,0,18,23,35,21,36,33,34,26,34,32,25,27,31,15,27,27,27,27,35,27,31,6,1,3,8,0,0,0,0,0,0,0,0,0,0]} 1. e4 c6 2. d4 d5 3. exd5 cxd5 4. Nf3 Nc6 5. Ne5 a6 6. c4 {B13: Caro-Kann: Exchange Variation and Panov-Botvinnik Attack} Nf6 7. Nc3 {LiveBook: 4 Games} (7. Be2 {is more complex.} Bf5 8. Nxc6 bxc6 9. Qa4 Qc8 10. cxd5 Bd7 11. Qb3) 7... Nxe5 8. dxe5 d4 9. exf6 {[#] And now Nd5 would win.} dxc3 10. Qxd8+ $1 Kxd8 11. bxc3 exf6 12. Be2 $146 Kc7 13. Rb1 Bd6 14. Be3 Bf5 15. Rb3 {c5 is the strong threat.} Bc2 16. Rb2 Be4 17. f3 Bc6 18. Bb6+ Kd7 19. Kf2 Ke7 20. Rd2 Rhc8 21. Bd3 Ba3 22. Bf5 Re8 23. Rhd1 Kf8 24. Bd7 ({But not} 24. Bxh7 $2 g6 $19) (24. Rb1 {is interesting.} Re5 25. Bd7 Bxd7 26. Rxd7 Re7 27. Rxe7 Bxe7 28. Ba5) 24... Bxd7 {The position is equal.} 25. Rxd7 Re7 26. Rd8+ Rxd8 27. Rxd8+ Re8 28. Rd7 Re7 29. Rd8+ Re8 30. Rd7 Re7 {Precision: White = 42%, Black = 76%.} 1/2-1/2